[Event "Titled Tuesday intern Qual3 18th April"]
[Site "Chess.com INT"]
[Date "2017.04.18"]
[Round "4"]
[White "Quesada Perez, Yuniesky"]
[Black "Garcia, Juan Emmanuel"]
[Result "1/2-1/2"]
[WhiteElo "2630"]
[BlackElo "2557"]
[PlyCount "234"]
[EventDate "2017.04.18"]
[EventType "swiss (blitz)"]
[EventRounds "10"]
[EventCountry "USA"]
[SourceTitle "EXT 2021"]
[Source "ChessBase"]
[SourceDate "2020.10.23"]
[SourceVersion "1"]
[SourceVersionDate "2020.10.23"]
[SourceQuality "1"]

1. e4 e5 2. Nf3 Nc6 3. Bb5 Nf6 4. d3 Ne7 5. 0-0 Ng6 6. d4 c6 7. dxe5 Ng4 8. Be2 Be7 9. Nc3 0-0 10. Nd4 N4xe5 11. f4 c5 12. Nf5 Nc6 13. Nd5 d6 14. Ndxe7+ Ngxe7 15. Nxd6 Nd4 16. Nc4 Nec6 17. Be3 Nxe2+ 18. Qxe2 Nd4 19. Qf2 Qe7 20. e5 b6 21. Nd6 Ba6 22. Rfe1 Nb5 23. Qg3 Nxd6 24. exd6 Qxd6 25. Rad1 Qf6 26. Bd2 Rfe8 27. Bc3 Rxe1+ 28. Rxe1 Qh6 29. Re7 Bc4 30. b3 Be6 31. h3 a5 32. Rb7 Qg6 33. Qxg6 hxg6 34. Rxb6 a4 35. Rc6 axb3 36. axb3 Ra2 37. Rxc5 Rxc2 38. b4 Bf5 39. g4 Be4 40. b5 f6 41. b6 g5 42. fxg5 fxg5 43. Kf1 g6 44. Ke1 Kf7 45. Kd1 Rh2 46. Re5 Bf3+ 47. Kc1 Rxh3 48. Rxg5 Rh1+ 49. Kb2 Rg1 50. Rc5 Rxg4 51. b7 Bxb7 52. Rc7+ Ke6 53. Rxb7 Re4 54. Kc2 g5 55. Kd3 Rf4 56. Bd2 Rf5 57. Be3 g4 58. Rg7 g3 59. Rxg3 Rd5+ 60. Bd4 Rd6 61. Ke4 Rc6 62. Rg6+ Kd7 63. Rg7+ Ke6 64. Rh7 Rd6 65. Be5 Rc6 66. Kd4 Rc1 67. Rh6+ Kd7 68. Kd5 Rd1+ 69. Bd4 Rd2 70. Rh7+ Ke8 71. Ke5 Rd1 72. Bc5 Rd7 73. Rh6 Rf7 74. Ke6 Re7+ 75. Kd6 Rd7+ 76. Ke5 Rf7 77. Bd6 Kd7 78. Kd5 Rf5+ 79. Be5 Rf7 80. Ra6 Ke7 81. Bd6+ Kd7 82. Ra8 Rf5+ 83. Be5 Rf7 84. Ra7+ Ke8 85. Bc7 Kd7 86. Bb6+ Ke8 87. Ra8+ Kd7 88. Bd4 Re7 89. Bf6 Rf7 90. Ke5 Kc6 91. Ke6 Rc7 92. Be5 Rb7 93. Rc8+ Kb5 94. Kd5 Rd7+ 95. Bd6 Rb7 96. Rc1 Rb6 97. Bc5 Rb7 98. Ra1 Rd7+ 99. Bd6 Rb7 100. Rc1 Rb6 101. Bc7 Rb7 102. Kd6 Ka4 103. Ra1+ Kb5 104. Rc1 Ka6 105. Kd5 Kb5 106. Rc6 Kb4 107. Bd6+ Kb3 108. Kd4 Rb5 109. Kd3 Rd5+ 110. Ke3 Rd1 111. Be5 Rd5 112. Rb6+ Kc4 113. Ke4 Rc5 114. Bd4 Rc8 115. Rb1 Rc6 116. Be5 Kc5 117. Rh1 Kc4 1/2-1/2

[Event "Titled Tuesday intern Qual1 4th April"]
[Site "Chess.com INT"]
[Date "2017.04.04"]
[Round "2"]
[White "Garcia, Juan Emmanuel"]
[Black "Ibarra Jerez, Jose Carlos"]
[Result "0-1"]
[WhiteElo "2494"]
[BlackElo "2569"]
[PlyCount "54"]
[EventDate "2017.04.04"]
[EventType "swiss (blitz)"]
[EventRounds "10"]
[EventCountry "USA"]
[SourceTitle "EXT 2021"]
[Source "ChessBase"]
[SourceDate "2020.10.23"]
[SourceVersion "1"]
[SourceVersionDate "2020.10.23"]
[SourceQuality "1"]

1. c4 e5 2. g3 Nc6 3. Bg2 Bc5 4. Nc3 d6 5. e3 a6 6. Nf3 Ba7 7. 0-0 Nge7 8. d4 exd4 9. exd4 Bg4 10. d5 Ne5 11. h3 Nxf3+ 12. Bxf3 Bxh3 13. Re1 0-0 14. Bg5 f6 15. Be3 Bxe3 16. Rxe3 Ng6 17. Be4 f5 18. Bc2 Bg4 19. Qd4 f4 20. gxf4 Rxf4 21. Qd2 Bf3 22. Rxf3 Rxf3 23. Bxg6 hxg6 24. Kg2 Qf6 25. Ne4 Qf4 26. Qe2 Qg4+ 27. Ng3 Rxg3+ 0-1

[Event "Titled Tuesday intern Qual1 4th April"]
[Site "Chess.com INT"]
[Date "2017.04.04"]
[Round "4"]
[White "Garcia, Juan Emmanuel"]
[Black "Ladva, Ottomar"]
[Result "1-0"]
[WhiteElo "2531"]
[BlackElo "2526"]
[PlyCount "97"]
[EventDate "2017.04.04"]
[EventType "swiss (blitz)"]
[EventRounds "10"]
[EventCountry "USA"]
[SourceTitle "EXT 2021"]
[Source "ChessBase"]
[SourceDate "2020.10.23"]
[SourceVersion "1"]
[SourceVersionDate "2020.10.23"]
[SourceQuality "1"]

1. c4 Nf6 2. Nc3 e6 3. e4 d5 4. e5 d4 5. exf6 dxc3 6. bxc3 Qxf6 7. Nf3 Nc6 8. Bd3 e5 9. Be4 Bf5 10. Qc2 Bxe4 11. Qxe4 Qg6 12. Qxg6 hxg6 13. d3 f6 14. Be3 g5 15. 0-0-0 0-0-0 16. Kc2 Ne7 17. h3 Nf5 18. g4 Nxe3+ 19. fxe3 Bd6 20. e4 Rh6 21. Rd2 Rdh8 22. Rdh2 g6 23. h4 gxh4 24. Rxh4 Bf8 25. Rxh6 Rxh6 26. Rxh6 Bxh6 27. g5 Bg7 28. Kd1 Kd7 29. Ke2 f5 30. Nh4 f4 31. Nxg6 Ke6 32. Kf3 Kf7 33. Nh4 Bf8 34. Kg4 Ba3 35. Kf5 Bd6 36. Nf3 Kg7 37. d4 exd4 38. cxd4 c6 39. e5 Be7 40. Kxf4 a5 41. Kf5 b5 42. cxb5 cxb5 43. d5 a4 44. d6 Bd8 45. e6 Kf8 46. e7+ Bxe7 47. dxe7+ Kxe7 48. Nd4 b4 49. Nc6+ 1-0

[Event "Titled Tuesday intern op 3rd Jan 10am"]
[Site "Chess.com INT"]
[Date "2017.01.03"]
[Round "7"]
[White "Garcia, Juan Emmanuel"]
[Black "Grinberg, Eyal"]
[Result "1-0"]
[WhiteElo "2488"]
[BlackElo "2441"]
[PlyCount "97"]
[EventDate "2017.01.03"]
[EventType "swiss (blitz)"]
[EventRounds "9"]
[EventCountry "USA"]
[SourceTitle "EXT 2021"]
[Source "ChessBase"]
[SourceDate "2020.10.23"]
[SourceVersion "1"]
[SourceVersionDate "2020.10.23"]
[SourceQuality "1"]

1. c4 e5 2. g3 Bc5 3. Bg2 Nf6 4. Nc3 0-0 5. e3 d6 6. Na4 Bb6 7. Nxb6 axb6 8. Ne2 Nc6 9. d3 Bg4 10. h3 Bh5 11. 0-0 Re8 12. b3 Qd7 13. f3 d5 14. e4 dxe4 15. dxe4 Nd4 16. Be3 Nxe2+ 17. Qxe2 Nxe4 18. g4 Ng3 19. Qd1 Qe6 20. Re1 Rad8 21. Qc1 Bg6 22. Bf2 e4 23. Bxg3 e3 24. Bxc7 Rd2 25. Bf4 Qf6 26. Qxd2 Qxf4 27. Qe2 Qg3 28. Rad1 h5 29. Rd5 hxg4 30. hxg4 f5 31. gxf5 Bh5 32. Rf1 Qf4 33. Rfd1 Kh7 34. f6 Bf7 35. R5d4 Qxf6 36. Re4 Rxe4 37. fxe4 Qg5 38. Rf1 Bh5 39. Rf3 Bxf3 40. Qxf3 g6 41. Kf1 Kh6 42. Ke2 Kg7 43. Bh3 Qe5 44. Qxe3 Qb2+ 45. Qd2 Qe5 46. Bg2 Qg3 47. Kd1 Qg4+ 48. Kc2 Qg3 49. Qc3+ 1-0

[Event "Titled Tuesday intern op 1st Nov 2pm"]
[Site "Chess.com INT"]
[Date "2016.11.01"]
[Round "4"]
[White "Bachmann, Axel"]
[Black "Garcia, Juan Emmanuel"]
[Result "1-0"]
[WhiteElo "2620"]
[BlackElo "2493"]
[PlyCount "41"]
[EventDate "2016.11.01"]
[EventType "swiss (blitz)"]
[EventRounds "9"]
[EventCountry "USA"]
[SourceTitle "EXT 2021"]
[Source "ChessBase"]
[SourceDate "2020.10.23"]
[SourceVersion "1"]
[SourceVersionDate "2020.10.23"]
[SourceQuality "1"]

1. d4 Nf6 2. c4 g6 3. Nc3 d5 4. Nf3 Bg7 5. e3 0-0 6. cxd5 Nxd5 7. Bc4 Nxc3 8. bxc3 c5 9. 0-0 b6 10. Qe2 Bb7 11. Rd1 Qc7 12. e4 Nc6 13. h4 Rad8 14. Be3 Bc8 15. dxc5 bxc5 16. Rxd8 Rxd8 17. Rd1 Rxd1+ 18. Qxd1 Na5 19. Qa4 Nxc4 20. Qe8+ Bf8 21. Bh6 1-0

[Event "Titled Tuesday intern op 1st Nov 10am"]
[Site "Chess.com INT"]
[Date "2016.11.01"]
[Round "3"]
[White "Garcia, Juan Emmanuel"]
[Black "Yilmaz, Mustafa"]
[Result "0-1"]
[WhiteElo "2480"]
[BlackElo "2567"]
[PlyCount "100"]
[EventDate "2016.11.01"]
[EventType "swiss (blitz)"]
[EventRounds "9"]
[EventCountry "USA"]
[SourceTitle "EXT 2021"]
[Source "ChessBase"]
[SourceDate "2020.10.23"]
[SourceVersion "1"]
[SourceVersionDate "2020.10.23"]
[SourceQuality "1"]

1. d4 Nf6 2. c4 g6 3. Nc3 Bg7 4. e4 d6 5. f4 0-0 6. Nf3 c5 7. Be2 cxd4 8. Nxd4 Nc6 9. Be3 Qb6 10. Na4 Qa5+ 11. Bd2 Qd8 12. Nxc6 bxc6 13. Bf3 Rb8 14. 0-0 Nd7 15. Qc2 Nb6 16. Bc3 Nxa4 17. Qxa4 Bxc3 18. bxc3 Qb6+ 19. Kh1 Qc5 20. Rab1 Be6 21. Rb4 Rxb4 22. cxb4 Qxc4 23. Rd1 a6 24. f5 gxf5 25. exf5 Bxf5 26. Qxc6 Qxc6 27. Bxc6 Rb8 28. a3 Rb6 29. Bf3 e6 30. Rc1 d5 31. Rc7 Bd3 32. Kg1 Rd6 33. Kf2 e5 34. Ke3 Bg6 35. Re7 e4 36. Be2 d4+ 37. Kf4 Kf8 38. Re5 Rf6+ 39. Kg3 Rc6 40. h4 f6 41. Ra5 d3 42. Bg4 e3 43. Kf3 e2 44. Kf2 Rc1 45. Bxe2 Rc2 46. Rxa6 Rxe2+ 47. Kf3 Be4+ 48. Kf4 d2 49. Rd6 Bc2 50. b5 d1Q 0-1